[Event "Vijnce Toth mem"]
[Site "Rio de Janeiro"]
[Date "1999.01.31"]
[Round "1"]
[White "Garcia Palermo, Carlos"]
[Black "Galego, Luis"]
[Result "1-0"]
[WhiteElo "2491"]
[BlackElo "2395"]

1.d4 Nf6 2.Bg5 e6 3.e4 h6 4.Bxf6 Qxf6 5.Nc3 d6 6.Qd2 g5 7.O-O-O Bg7 8.e5 dxe5
9.dxe5 Qe7 10.f4 gxf4 11.Nf3 Nc6 12.Qxf4 Bd7 13.Bb5 O-O-O 14.Rhf1 a6 15.Ba4 h5
16.Kb1 Bh6 17.Qf6 Qxf6 18.exf6 b5 19.Bb3 Rhg8 20.g3 Rg4 21.Rde1 Be8 22.Ne4 Nd4
23.Nxd4 Rxd4 24.Nc5 Rd2 25.Nxe6 Rxh2 26.Nc5 Bd7 27.Bxf7 Rxg3 28.Be6 Bxe6
29.Rxe6 Kb8 30.b4 Rh4 31.f7 Rxb4+ 32.Nb3 Bg7 33.Re8+ Ka7 34.Rg8  1-0

[Event "Yangon schev"]
[Site "Yangon"]
[Date "1999.02.04"]
[Round "5"]
[White "Than Soe Aung"]
[Black "Aung Thant Zin"]
[Result "0-1"]
[WhiteElo "2502"]
[BlackElo "2410"]

1.d4 Nf6 2.Bg5 e6 3.Nd2 d5 4.e3 c5 5.c3 Be7 6.Bd3 Bd7 7.Ngf3 Qb6 8.Qb3 c4
9.Qxb6 axb6 10.Bc2 b5 11.e4 Nc6 12.O-O b4 13.Rfe1 bxc3 14.bxc3 Kd8 15.exd5 Nxd5
16.Nxc4 Nxc3 17.Nd6 Be8 18.Nxb7+ Kc7 19.Bxe7 Nxe7 20.Nc5 Bc6 21.Nd2 Nxa2
22.Be4 Nb4 23.Rxa8 Rxa8 24.f4 Bxe4 25.Ndxe4 h6 26.Re2 Nf5 27.Rd2 Rd8 28.Nb3 Nc6
29.d5 exd5 30.Nf2 d4 31.Nd3 Rb8 32.Nbc5 Rb5 33.g4 Ne3 34.h3 Kd6 35.Ne4+ Kd5  0-1

[Event "NED-chT 98/99"]
[Site "The Netherlands"]
[Date "1999.02.06"]
[Round "6"]
[White "Winants, Luc"]
[Black "Kabatianski, Alexandr"]
[Result "1-0"]
[WhiteElo "2480"]
[BlackElo "2425"]

1.d4 Nf6 2.Bg5 e6 3.e3 c5 4.Nf3 Be7 5.Bd3 cxd4 6.exd4 b6 7.O-O Bb7 8.c4 O-O
9.Nc3 d5 10.Qe2 dxc4 11.Bxc4 Nc6 12.Rad1 h6 13.Bc1 Re8 14.a3 Bf8 15.Ba2 Rc8
16.Rfe1 Ne7 17.Ne5 Ned5 18.Qd3 Qc7 19.Nb5 Qb8 20.Bb1 Be7 21.Bxh6 gxh6 22.Qg3+ Kf8
23.Qh4 h5 24.Qg5 Bd6 25.Bf5 exf5 26.Nd7+ Nxd7 27.Qh6+ Kg8 28.Nxd6 Qxd6 29.Qxd6 N7f6
30.Qg3+ Kf8 31.Qg5 Rxe1+ 32.Rxe1 f4 33.h3 Re8 34.Qh6+ Kg8 35.Re5 Rxe5 36.dxe5  1-0

[Event "RUS-Cup03 (Geller mem)"]
[Site "Moscow"]
[Date "1999.02.07"]
[Round "6"]
[White "Feoktistov, Alexey A"]
[Black "Lastin, Alexander"]
[Result "0-1"]
[WhiteElo "2390"]
[BlackElo "2558"]

1.d4 Nf6 2.Bg5 e6 3.c4 h6 4.Bxf6 Qxf6 5.Nc3 b6 6.Nf3 Bb7 7.e4 d6 8.Qd2 Nd7
9.Nb5 Qd8 10.Bd3 a6 11.Nc3 g5 12.O-O Bg7 13.Bc2 g4 14.Ne1 Qg5 15.Qe3 c5 16.d5 Ne5
17.Qe2 Ke7 18.f4 gxf3 19.Nxf3 Nxf3+ 20.Rxf3 Be5 21.Raf1 Raf8 22.Kh1 Rhg8
23.Qf2 Qg7 24.Qh4+ Qg5 25.Qf2 Qh5 26.h3 Bd4 27.Qd2 Qg5 28.Qxg5+ hxg5 29.Ne2 g4
30.hxg4 Bxb2 31.Rb1 Be5 32.dxe6 fxe6 33.Rxb6 Bc8 34.Rb8 d5 35.Ra8 dxc4 36.Ra7+ Kd6
37.Kg1 Bd4+ 38.Kf1 Rd8 39.Rff7 Rxg4 40.Ng1 Rh8 41.Nh3 Rhg8 42.Ra8 Rg3 43.Nf4 Ke5
44.Ne2 Ra3 45.Nxd4 cxd4 46.Rc7 Rc3 47.Ba4 Bd7 48.Rxg8 Bxa4 49.Rc5+ Kf4 50.Rf8+ Kxe4
51.Rf6 Rc1+ 52.Kf2 Rc2+ 53.Kf1 Rxa2 54.Rxe6+ Kd3 55.Rxa6 c3 56.g4 c2 57.g5 Kd2
58.Rd6 d3 59.g6 Bb3 60.g7 Ra7 61.Rg6 c1=Q+ 62.Rxc1 Kxc1 63.g8=Q Bxg8 64.Rxg8 Rf7+
65.Kg2 d2 66.Rc8+ Kd1 67.Kg3 Rf5  0-1

[Event "AUT-chT2M 9899"]
[Site "Austria"]
[Date "1999.02.27"]
[Round "8"]
[White "Schmidt, Peter"]
[Black "Heidenfeld, Mark"]
[Result "1/2-1/2"]
[WhiteElo "2340"]
[BlackElo "2335"]

1.d4 Nf6 2.Bg5 e6 3.e4 Be7 4.Bd3 d5 5.e5 Nfd7 6.Be3 c5 7.c3 Qb6 8.Qd2 Nc6
9.Nf3 h6 10.h4 c4 11.Be2 Qa5 12.O-O b5 13.h5 Rb8 14.a3 Qc7 15.Bd1 Nb6 16.Bc2 a5
17.Qe2 b4 18.axb4 axb4 19.Nbd2 b3 20.Bb1 Qb7 21.Nh2 Ra8 22.Rxa8 Qxa8 23.Ndf3 Qa1
24.Bg6 Qa2 25.Bb1 Qa1 26.Bf5 Qa2 27.Bb1 Qa1  1/2-1/2

[Event "Bucharest TIT"]
[Site "Bucharest"]
[Date "1999.03.03"]
[Round "3"]
[White "Ionescu, Doru Alexandru"]
[Black "Burnoiu, Costel"]
[Result "1/2-1/2"]
[WhiteElo "2324"]
[BlackElo "2316"]

1.d4 Nf6 2.Bg5 e6 3.e4 c5 4.c3 Qb6 5.Nd2 Qxb2 6.Ne2 d5 7.Bxf6 gxf6 8.exd5 exd5
9.Nf4 Bh6 10.Rb1 Qxa2 11.Bb5+ Nc6 12.Qf3 O-O 13.Qxd5 Qxd5 14.Nxd5 Bf5 15.Ra1 Kg7
16.Ne3 Bg6 17.dxc5 Rfe8 18.Bxc6 bxc6 19.Nc4 Bd3 20.Nd6 Re5 21.Ra5 Rb8 22.Kd2 Rd5
23.c4 Bxc4+ 24.Kc3 Bxe3 25.fxe3 Bb5 26.Nxb5 Rxc5+ 27.Kd4 Rd5+ 28.Ke4 Re5+
29.Kf4 Rbxb5 30.Rxa7 Rb2 31.Rd1 Rf2+ 32.Kg3 Re2 33.Rdd7 Kg6 34.Rxf7 h6 35.Kf4 Rf2+
36.Kg3 Re2 37.Kf4 Rf2+ 38.Kg3 Re2 39.Kf4  1/2-1/2

[Event "Bucharest TIT"]
[Site "Bucharest"]
[Date "1999.03.05"]
[Round "5"]
[White "Ionescu, Doru Alexandru"]
[Black "Vasiesiu, Dan"]
[Result "0-1"]
[WhiteElo "2324"]
[BlackElo "2388"]

1.d4 Nf6 2.Bg5 e6 3.e4 h6 4.Bxf6 Qxf6 5.Nc3 Bb4 6.Qd2 d6 7.a3 Ba5 8.Nf3 Nd7
9.Be2 c6 10.O-O e5 11.dxe5 dxe5 12.b4 Bc7 13.Nd1 O-O 14.Ne3 Rd8 15.Qc3 Nf8
16.Rfd1 Rxd1+ 17.Rxd1 Ng6 18.Nd5 cxd5 19.Qxc7 d4 20.c3 Nf4 21.Kf1 d3 22.Bxd3 Nxg2
23.Be2 Bh3 24.Qxb7 Rf8 25.Ng1 Ne3+ 26.Ke1 Nxd1 27.Bxd1 Bg2 28.Qxa7 Bxe4 29.Qe3 Qg6
30.f3 Bb7 31.a4 f5 32.Kf2 Qf6 33.a5 Qh4+ 34.Kg2 e4 35.f4 Rd8 36.Bb3+ Kh7
37.Bc4 Rd2+ 38.Ne2 Rd3  0-1

[Event "BL2-S9899"]
[Site "Germany"]
[Date "1999.03.07"]
[Round "7.6"]
[White "Pflug, Matthias"]
[Black "Bromberger, Stefan"]
[Result "1-0"]
[WhiteElo "2210"]
[BlackElo "2288"]

1.d4 Nf6 2.Bg5 e6 3.e4 h6 4.Bxf6 Qxf6 5.Nc3 d6 6.Qd2 g5 7.O-O-O Bg7 8.h4 Bd7
9.Nb5 Bxb5 10.Bxb5+ c6 11.Bf1 Nd7 12.Rh3 O-O-O 13.Ra3 a6 14.Rb3 d5 15.g3 dxe4
16.Qb4 b5 17.a4 Nb6 18.axb5 axb5 19.Bxb5 cxb5 20.Qxb5 Rd6 21.Qc5+ Kd7 22.Rxb6 Rxb6
23.Qxb6 Rd8 24.d5 Ke8 25.d6  1-0

[Event "Victor Ciocaltea Memorial"]
[Site "Bucharest"]
[Date "1999.03.08"]
[Round "5"]
[White "Vasilescu, Lucian"]
[Black "Milu, Romeo Sorin"]
[Result "0-1"]
[WhiteElo "2381"]
[BlackElo "2395"]

1.d4 Nf6 2.Bg5 e6 3.e4 h6 4.Bxf6 Qxf6 5.c3 d6 6.Bd3 g6 7.Ne2 Bg7 8.O-O O-O
9.f4 Qe7 10.Nd2 e5 11.Nf3 Nd7 12.Qd2 c5 13.Rae1 a6 14.b4 cxd4 15.cxd4 Qd8
16.Kh1 b5 17.a4 bxa4 18.Qa2 Rb8 19.Qxa4 Qb6 20.Rb1 exd4 21.Rfc1 Nf6 22.Rc6 Qd8
23.Qc2 Bb7 24.Rc4 Nxe4 25.Bxe4 Bxe4 26.Qxe4 d5 27.Qc2 dxc4 28.Qxc4 d3 29.Neg1 Qd6
30.Ne5 d2 31.Rd1 Rxb4  0-1

[Event "Bucharest TIT"]
[Site "Bucharest"]
[Date "1999.03.15"]
[Round "15"]
[White "Ionescu, Doru Alexandru"]
[Black "Berescu, Alin"]
[Result "0-1"]
[WhiteElo "2324"]
[BlackElo "2392"]

1.d4 Nf6 2.Bg5 e6 3.e4 h6 4.Bxf6 Qxf6 5.Nc3 d6 6.Qd2 g5 7.O-O-O Bg7 8.g3 Bd7
9.f4 Nc6 10.e5 dxe5 11.dxe5 Qe7 12.Nf3 O-O-O 13.Bg2 gxf4 14.gxf4 Qb4 15.a3 Qb6
16.Ne4 Ne7 17.Nd4 Bc6 18.Rhg1 Nf5 19.c3 Ba4 20.Bh3 Bxd1 21.Bxf5 Bf8 22.Bh3 Bf3
23.Nf6 Bc5  0-1

[Event "BL2-S9899"]
[Site "Germany"]
[Date "1999.03.21"]
[Round "8.3"]
[White "Gerstner, Wolfgang"]
[Black "Schmidt, Georg"]
[Result "1-0"]
[WhiteElo "2365"]
[BlackElo "2225"]

1.d4 Nf6 2.Bg5 e6 3.e4 h6 4.Bxf6 Qxf6 5.Nc3 Bb4 6.Qd2 d5 7.e5 Qd8 8.a3 Be7
9.f4 c5 10.Nf3 Nc6 11.dxc5 Bxc5 12.b4 Be7 13.Bd3 Bd7 14.O-O Rc8 15.Ne2 Qc7
16.Kh1 g6 17.Rac1 a6 18.c4 dxc4 19.Rxc4 Kf8 20.Ng3 Kg7 21.Qb2 Rhd8 22.Ne4 Kg8
23.Nf6+ Bxf6 24.exf6 b5 25.Qf2 Qd6 26.Qh4 Qf8 27.Rc5 Be8 28.Be4 Nb8 29.Ne5 Nd7
30.Ng4 Nxc5 31.Nxh6+ Kh7 32.Nxf7+ Kg8 33.Bxg6  1-0

[Event "BL2-S9899"]
[Site "Germany"]
[Date "1999.03.21"]
[Round "8.8"]
[White "Hauke, Christian"]
[Black "Dudek, Richard"]
[Result "1-0"]
[WhiteElo "2225"]
[BlackElo "2310"]

1.d4 Nf6 2.Bg5 e6 3.e4 h6 4.Bxf6 Qxf6 5.c3 g6 6.Bd3 Bg7 7.Ne2 b6 8.O-O Bb7
9.f4 d5 10.e5 Qe7 11.Nd2 Nd7 12.Nf3 O-O-O 13.Qa4 Kb8 14.b4 Ka8 15.Rab1 Nb8
16.b5 Qd7 17.Nd2 Bf8 18.Qb3 c5 19.bxc6 Bxc6 20.a4 Bxa4 21.Qa2 Rc8 22.c4 Na6
23.Nc3 Nb4 24.Rxb4 Bxb4 25.Nxa4 Kb7 26.Ra1 a5 27.c5 b5 28.Nb6 Qc6 29.Nxc8 Rxc8
30.Rb1 Ra8 31.Nb3 Kc7 32.Qe2 Rb8 33.Kf1 Qa6 34.Nc1 Kc6 35.Na2 Ba3 36.Rb3  1-0

[Event "Novgorod op"]
[Site "Novgorod"]
[Date "1999.03.23"]
[Round "5"]
[White "Akopian, Vladimir"]
[Black "Iljushkin, Evgeny"]
[Result "1-0"]
[WhiteElo "2640"]
[BlackElo "2405"]

1.d4 Nf6 2.Bg5 e6 3.e4 h6 4.Bxf6 Qxf6 5.Nc3 d6 6.Qd2 a6 7.f4 g5 8.f5 exf5
9.Nd5 Qd8 10.exf5 Bxf5 11.Qf2 c6 12.Qxf5 cxd5 13.O-O-O Nc6 14.Bd3 Be7 15.Ne2 Qd7
16.Qf2 Nd8 17.Nc3 Qc6 18.Rde1 Ne6 19.Qf5 Rd8 20.Nxd5 Qa4 21.Rxe6  1-0

[Event "Mar del Plata op 30th"]
[Site "Mar del Plata"]
[Date "1999.04.01"]
[Round "6"]
[White "Hobaica, Juan Pablo"]
[Black "Rosito, Jorge"]
[Result "1-0"]
[WhiteElo "2270"]
[BlackElo "2379"]

1.d4 Nf6 2.Bg5 e6 3.e4 h6 4.Bxf6 Qxf6 5.Nc3 Bb4 6.Qd2 e5 7.a3 Bxc3 8.bxc3 d6
9.Bd3 O-O 10.Ne2 Nc6 11.Qe3 Re8 12.f4 Bg4 13.O-O exd4 14.Nxd4 Re7 15.f5 Nxd4
16.cxd4 Rae8 17.h3 Bxf5 18.g4 Rxe4 19.Bxe4 Rxe4 20.Qd2 Rxd4 21.Qh2  1-0

[Event "Rheinhessen-ch HT1 op"]
[Site "Woerrstadt"]
[Date "1999.04.02"]
[Round "5"]
[White "Baitinger, Michael"]
[Black "Boosch, Matthias"]
[Result "1-0"]
[WhiteElo "2159"]
[BlackElo "1620"]

1.d4 Nf6 2.Bg5 e6 3.e4 h6 4.Bxf6 Qxf6 5.c3 Qg6 6.Qf3 Be7 7.h4 h5 8.g3 c5
9.Bd3 cxd4 10.cxd4 Nc6 11.Ne2 Nb4 12.Nf4 Nxd3+ 13.Qxd3 Qh7 14.Nc3 b6 15.Nb5 Bb4+
16.Ke2 O-O 17.Nc7 Rb8 18.e5 Qxd3+ 19.Kxd3 Bb7 20.Rhc1 g6 21.d5 Bc5 22.Rc2 Rbc8
23.Rac1 Rxc7 24.b4 Ba6+ 25.Ke4 f5+ 26.Kf3 Bb7 27.bxc5 Rfc8 28.Ke3 bxc5 29.Nxg6 Kf7
30.d6 Be4 31.dxc7 Bxc2 32.Nf4 Be4 33.Rxc5 Bc6 34.Nxh5 Rxc7 35.Nf6 Rb7 36.Rc2 Rb5
37.Kf4 Rb4+ 38.Kg5 Rb5 39.f4 Ra5 40.h5 Ra3 41.Kh4 Rf3 42.Rd2 Ke7 43.h6 Rf1
44.Kg5 Rg1 45.Nh5 Bf3 46.h7 Bxh5 47.h8=Q  1-0

[Event "Neckar op 3rd"]
[Site "Deizisau"]
[Date "1999.04.03"]
[Round "4"]
[White "Gerstner, Wolfgang"]
[Black "Chuchelov, Vladimir"]
[Result "1/2-1/2"]
[WhiteElo "2365"]
[BlackElo "2534"]

1.d4 Nf6 2.Bg5 e6 3.e4 h6 4.Bxf6 Qxf6 5.Nc3 d6 6.Qd2 g5 7.Bc4 Bg7 8.Nge2 Nc6
9.Nb5 Qe7 10.c3 a6 11.Na3 Bd7 12.O-O h5 13.b4 Na7 14.Bd3 Bh6 15.c4 g4 16.Qc3 Qg5
17.Nc2 h4 18.Ne3 Bg7 19.c5 Nc6 20.cxd6 cxd6 21.Nc4 Ke7 22.a4 Rac8 23.f4 gxf3
24.Rxf3 b5 25.axb5 axb5 26.Nxd6 Kxd6 27.Rxf7 Bxd4+ 28.Nxd4 Qe3+ 29.Kh1 Qxd4
30.Qxd4+ Nxd4 31.e5+ Kc6 32.h3 Rhd8 33.Ra6+ Kd5 34.Rd6+ Kxe5 35.Rfxd7 Rxd7
36.Rxd7 Rc3 37.Bf1 Rc1 38.Kg1 Rb1 39.Rh7 Rxb4 40.Bd3 Nf5 41.Rb7 Nd6 42.Rh7 Kd5
43.Be2 Rf4 44.Bf3+ Ke5 45.Bg4 b4 46.Rh8 Nf5 47.Bxf5 exf5 48.g3 hxg3 49.Kg2 Rc4
50.Kxg3 Rc3+ 51.Kh4 Kf4 52.Rb8 Rb3  1/2-1/2

[Event "Dreifluesse op 7th"]
[Site "Passau"]
[Date "1999.04.03"]
[Round "4"]
[White "Pflug, Matthias"]
[Black "Aldag, Thomas"]
[Result "1-0"]
[WhiteElo "2210"]
[BlackElo "1932"]

1.d4 Nf6 2.Bg5 e6 3.e4 Be7 4.Bd3 c5 5.dxc5 Qa5+ 6.c3 Qxc5 7.Be3 Qc7 8.f4 d6
9.Nd2 Nbd7 10.Rc1 b6 11.b4 Bb7 12.c4 Rc8 13.Ne2 Qb8 14.Nc3 Qa8 15.a3 O-O
16.O-O Rfd8 17.g4 d5 18.e5 Ne4 19.Bxe4 dxe4 20.Qc2 f5 21.gxf5 exf5 22.Qb3 Kh8
23.Nd5 Re8 24.Nb1 b5 25.Nxe7 bxc4 26.Rxc4 Rxc4 27.Qxc4 Rxe7 28.Qc7 Qe8 29.Qxb7 Nxe5
30.Qa6 Nf3+ 31.Kh1 Qh5 32.Qe2 Qh3 33.Qg2 Qh5 34.Nd2 Nxh2 35.Qxh2 Qe8 36.Rg1 Qd7
37.Qe2 Re6 38.Rg2 Qa4 39.Bd4 Rh6+ 40.Kg1  1-0

[Event "Dreifluesse op 7th"]
[Site "Passau"]
[Date "1999.04.04"]
[Round "5"]
[White "Teske, Henrik"]
[Black "Adamski, Jan"]
[Result "1/2-1/2"]
[WhiteElo "2500"]
[BlackElo "2402"]

1.d4 Nf6 2.Bg5 e6 3.e4 h6 4.Bxf6 Qxf6 5.Nc3 Bb4 6.a3 Ba5 7.Ne2 d6 8.f4 Bxc3+
9.bxc3 e5 10.g3 c5 11.Bg2 cxd4 12.cxd4 Nc6 13.c3 Bg4 14.d5 Nb8 15.O-O Nd7
16.h3 Bxe2 17.Qxe2 Rc8 18.Rf3 exf4 19.gxf4 O-O 20.Re1 Rfe8 21.Qf2 Qd8 22.Kh2  1/2-1/2

[Event "Neckar op 3rd"]
[Site "Deizisau"]
[Date "1999.04.05"]
[Round "8"]
[White "Gerstner, Wolfgang"]
[Black "Loeffler, Markus"]
[Result "1/2-1/2"]
[WhiteElo "2365"]
[BlackElo "2420"]

1.d4 Nf6 2.Bg5 e6 3.e4 h6 4.Bxf6 Qxf6 5.Nc3 d6 6.Qd2 g5 7.Bc4 a6 8.a4 Nc6
9.Nge2 Bg7 10.Rd1 Bd7 11.O-O Qg6 12.f4 gxf4 13.Nxf4 Qg5 14.d5 exd5 15.Ncxd5 O-O
16.Rf3 Kh8 17.Rg3 Qe5 18.Nxc7 Rac8 19.Ncd5 Na5 20.Bd3 Nc4 21.Bxc4 Rxc4 22.Nb6 Qc5+
23.Qf2 Qxf2+ 24.Kxf2 Rxc2+ 25.Ke3 Bc6 26.Rxd6 Rxb2 27.Nh5 Rb3+ 28.Kf4 Rxg3
29.hxg3 Re8 30.Nxg7 Kxg7 31.Rd4 f6 32.a5 Re5 33.Nd5 Kf7 34.g4 Rg5 35.g3 Re5
36.Rd2 Rg5 37.Rd1 Re5 38.Rd2 Re8 39.Rh2 Kg7 40.Rc2 Re5 41.Rd2 Kf7 42.Rd4 Ke6
43.Nc7+ Ke7 44.Nd5+ Kf7  1/2-1/2

[Event "Baden Casino op"]
[Site "Baden"]
[Date "1999.04.10"]
[Round "9"]
[White "Rogers, Ian"]
[Black "Pikula, Dejan"]
[Result "1-0"]
[WhiteElo "2618"]
[BlackElo "2454"]

1.d4 Nf6 2.Bg5 e6 3.e4 h6 4.Bxf6 Qxf6 5.Nc3 d6 6.Nf3 Nd7 7.Qd2 c6 8.O-O-O Qd8
9.Kb1 Be7 10.h4 a6 11.e5 d5 12.Rh3 b6 13.Rg3 Bf8 14.h5 a5 15.Ne1 Qh4 16.Rh3 Qe7
17.f4 Bb7 18.g4 O-O-O 19.a3 Kb8 20.Nd3 Qe8 21.Na4 Rc8 22.Nc1 Qd8 23.b4 axb4
24.axb4 Kc7 25.Nb2 Ra8 26.c4 dxc4 27.Bxc4 Be7 28.Qc3 Kb8 29.Rh2 Qc7 30.Rc2 Rc8
31.Qb3 Ba6 32.Na2 Bxc4 33.Nxc4 Ra6 34.Rdc1 Qa7 35.b5 Ra4 36.bxc6 Rxc6 37.Na5 Rxa5
38.Rxc6 Qa6 39.Qc4  1-0

[Event "BL2-W9899"]
[Site "Germany"]
[Date "1999.04.18"]
[Round "9.8"]
[White "Baumegger, Siegfried"]
[Black "Gallinnis, Norbert"]
[Result "1-0"]
[WhiteElo "2405"]
[BlackElo "2315"]

1.d4 Nf6 2.Bg5 e6 3.e4 h6 4.Bxf6 Qxf6 5.Nc3 b6 6.g3 Bb7 7.Bg2 Qd8 8.f4 d5
9.Qe2 dxe4 10.Nxe4 c6 11.Nf3 Be7 12.O-O-O Nd7 13.Ne5 O-O 14.g4 f5 15.Qc4 Nxe5
16.dxe5 Qd5 17.Nf6+ gxf6 18.Bxd5 exd5 19.Rxd5 cxd5 20.Qc7 Rf7 21.Qxb7 Rd8
22.e6 Rg7 23.gxf5 Bd6 24.Qc6 Bxf4+ 25.Kb1 Be5 26.a3 Kf8 27.Qb5 h5 28.Qe2 Rg5
29.Qf3 h4 30.Rd1 d4 31.h3 Rc8 32.Qb7 Rc7 33.Qd5 Ke7 34.c3 Rg3 35.cxd4 Bd6
36.Rc1  1-0

[Event "ROM-chT"]
[Site "Sovata"]
[Date "1999.04.18"]
[Round "3"]
[White "Breahna, Radu"]
[Black "Iordachescu, Viorel"]
[Result "0-1"]
[WhiteElo "2281"]
[BlackElo "2539"]

1.d4 Nf6 2.Bg5 e6 3.e4 c5 4.e5 h6 5.Bc1 Nh7 6.d5 d6 7.Bb5+ Bd7 8.Qe2 Bxb5
9.Qxb5+ Qd7 10.Qxd7+ Nxd7 11.dxe6 Nxe5 12.exf7+ Kxf7 13.Nc3 Re8 14.Nge2 Nf6
15.O-O d5 16.Ng3 Nc6 17.Bf4 g5 18.Bd2 d4 19.Nd1 Kg6 20.f3 c4 21.Nf2 Bc5 22.Rfe1 Nb4
23.Bxb4 Bxb4 24.Rxe8 Rxe8 25.Nge4 Nd5 26.Rd1 c3 27.b3 Ne3 28.Rxd4 Nxc2 29.Rc4 a5
30.h4 gxh4 31.Nd3 Rd8 32.Nf4+ Kf5 33.Ne2 Ne3 34.Rc7 Rd2 35.N2xc3 Rxg2+ 36.Kh1  0-1

[Event "Bois Colombes"]
[Site "Bois Colombes"]
[Date "1999.05.02"]
[Round "9"]
[White "Sallen, Laurent"]
[Black "Guigonis, Dominique"]
[Result "0-1"]
[WhiteElo "2210"]
[BlackElo "2309"]

1.d4 Nf6 2.Bg5 e6 3.e4 h6 4.Bxf6 Qxf6 5.Nc3 d6 6.Qd2 g6 7.O-O-O Bg7 8.f4 Qe7
9.Nf3 b6 10.Bd3 a6 11.f5 Nc6 12.fxg6 Nxd4 13.gxf7+ Qxf7 14.Rdf1 Nxf3 15.Rxf3 Qh5
16.Kb1 Bb7 17.Ne2 Qe5 18.c3 O-O-O 19.Nf4 Rhe8 20.Qe2 Kb8 21.Ng6 Qh5 22.Nf4 Qa5
23.Ng6 Rg8 24.Ne7 Rgf8 25.Rxf8 Rxf8 26.Rf1 Qg5  0-1

[Event "Dubai op"]
[Site "Dubai"]
[Date "1999.05.08"]
[Round "8"]
[White "Guliev, Sarhan"]
[Black "Sadvakasov, Darmen"]
[Result "1-0"]
[WhiteElo "2486"]
[BlackElo "2487"]

1.d4 Nf6 2.Bg5 e6 3.Nf3 c5 4.e3 Be7 5.Nbd2 b6 6.Bd3 Ba6 7.Bxa6 Nxa6 8.O-O O-O
9.Qe2 Nb4 10.c3 Nc6 11.dxc5 bxc5 12.e4 d5 13.exd5 exd5 14.Rad1 Qb6 15.Nb3 Rfe8
16.Rfe1 Bf8 17.Qc2 Rxe1+ 18.Rxe1 Ne4 19.Nbd2 Nxg5 20.Nxg5 g6 21.h4 Qd8 22.Qa4 Qd6
23.h5 Be7 24.Ndf3 gxh5 25.Nh3 Rb8 26.Nf4 Rxb2 27.Nxh5 Rb8 28.Nh4 Qh6 29.Nf3 Qxh5
30.Qxc6 Bf8 31.Ne5 Rd8 32.Qc7 Re8 33.g4 Rxe5 34.gxh5 Rxe1+ 35.Kg2 a6 36.Qg3+ Kh8
37.Qf3 Kg8 38.Qg4+ Kh8 39.Qc8 Kg8 40.Qxa6 Re6 41.Qb5 Rd6 42.Kf1 d4 43.Qxc5 d3
44.Qg5+ Kh8 45.Ke1 h6 46.Qe5+ Kg8 47.Kd2 Rd8 48.a4 Bg7 49.Qc7 Bf6 50.f4  1-0

[Event "VCN SchaakFestival"]
[Site "Soest"]
[Date "1999.05.16"]
[Round "7"]
[White "Amesz, Jaap"]
[Black "Vedder, Richard"]
[Result "1/2-1/2"]
[WhiteElo "2190"]
[BlackElo "2226"]

1.d4 Nf6 2.Bg5 e6 3.e4 h6 4.Bxf6 Qxf6 5.Nf3 b6 6.Bd3 Bb7 7.Nbd2 d6 8.c3 Nd7
9.Qe2 a6 10.O-O e5 11.Nc4 g6 12.Rad1 Bg7 13.dxe5 dxe5 14.Bc2 Qe7 15.Ne3 Nf6
16.Nc4 Nh5 17.Rd2 O-O 18.Rfd1 Nf4 19.Qe1 Bc8 20.Ne3 h5 21.Nd5 Nxd5 22.Rxd5 Be6
23.R5d3 Rad8 24.Rxd8 Rxd8 25.Bb3 Bxb3 26.axb3 a5 27.Kf1 Rd6 28.Rxd6 Qxd6
29.Qd2 Qxd2 30.Nxd2 Kf8 31.Ke2 Ke7 32.Nc4 Ke6  1/2-1/2

[Event "Zalakaros Kupa 18th"]
[Site "Zalakaros"]
[Date "1999.05.17"]
[Round "6"]
[White "Ionescu, Doru Alexandru"]
[Black "Papp, Nandor"]
[Result "1/2-1/2"]
[WhiteElo "2324"]
[BlackElo "2160"]

1.d4 Nf6 2.Bg5 e6 3.e4 Be7 4.Bd3 d5 5.e5 Nfd7 6.Bxe7 Qxe7 7.c3 c5 8.Nf3 cxd4
9.cxd4 Nc6 10.a3 f6 11.exf6 Nxf6 12.Qe2 O-O 13.O-O Bd7 14.Re1 Rae8 15.Nc3 a6
16.Rad1 Qd6 17.h3 Qf4 18.Bb1 g6 19.Qe3 Qxe3 20.Rxe3 Kg7 21.Ne5 Nxe5 22.dxe5 Ng8
23.Ne4 Bc6 24.Nd6 Rd8 25.h4 Nh6 26.Rd4 Nf7 27.Nxf7 Rxf7 28.h5 gxh5 29.Rh3 Rg8
30.Rxh5 Kh8 31.Rh6 Re7 32.Bd3 Be8 33.Rb4 Rg5 34.f4 Rg3 35.Bf1 Bg6 36.Kf2 a5
37.Rb5 Rg4 38.g3 Kg7 39.Rh2 Be4 40.Be2 Rg6 41.Rxa5 Rc7 42.g4 Rc2 43.Ke3 Rxb2
44.Rc5 Kh8 45.Rc3 Rg8 46.Rh6 Rd8 47.Rc7 Bg6 48.f5 exf5 49.gxf5 Bxf5 50.Rd6 d4+
51.Kf4 Rf8 52.Rf6 Rxf6 53.exf6 Rxe2 54.Kxf5 Kg8  1/2-1/2

[Event "Budapest FS06 IM"]
[Site "Budapest"]
[Date "1999.06.09"]
[Round "5"]
[White "Belotelov, Dimitri"]
[Black "Eperjesi, Laszlo"]
[Result "0-1"]
[WhiteElo "2262"]
[BlackElo "2329"]

1.d4 Nf6 2.Bg5 e6 3.e4 h6 4.Bxf6 Qxf6 5.Nc3 Bb4 6.Qd2 c5 7.e5 Qd8 8.d5 O-O
9.a3 Qa5 10.Nge2 c4 11.Rd1 Be7 12.Nf4 b5 13.h4 Bb7 14.g4 Re8 15.Nh5 b4 16.axb4 Bxb4
17.Rh3 Bxc3 18.Qxc3 Qxc3+ 19.Rxc3 exd5 20.f4 d6 21.b3 dxe5 22.f5 Na6 23.g5 hxg5
24.hxg5 Nc5 25.Bg2 d4 26.Bxb7 Nxb7 27.Rg3 Nd6 28.Nf6+ Kf8 29.Nxe8 Kxe8 30.Rh3 Kd7
31.bxc4 Nxf5 32.Rb1 Rc8 33.Ra3 Rxc4 34.Rxa7+ Ke6 35.Rb6+ Kd5 36.Rxf7 Ke4
37.Rb2 Rc3 38.Ra2 Rg3 39.Ra4 Rxg5 40.Kf2 Ne3 41.Rc7 Rg2+ 42.Ke1 Nxc2+ 43.Kf1 Ne3+
44.Ke1 g5 45.Re7 Rg1+ 46.Kf2 Rf1+ 47.Ke2 g4 48.Rg7 Rf4  0-1

[Event "Salongernas Elo"]
[Site "Stockholm"]
[Date "1999.06.10"]
[Round "6"]
[White "Holving, Rasmus"]
[Black "Livner, Anders"]
[Result "1-0"]
[WhiteElo "2130"]
[BlackElo "2169"]

1.d4 Nf6 2.Bg5 e6 3.e4 c5 4.d5 d6 5.Nc3 Be7 6.Nf3 O-O 7.Qd2 exd5 8.exd5 Na6
9.Be2 Nc7 10.O-O Rb8 11.a4 b6 12.Rad1 a6 13.Qf4 Bb7 14.Bxf6 Bxf6 15.Ne4 Be7
16.c4 Ne8 17.Bd3 g6 18.Qh6 f6 19.Rfe1 Bc8 20.Re3 Bg4 21.Rde1 Bxf3 22.Ng5 fxg5
23.Rxe7 Rf7 24.Rxf7 Kxf7 25.Qxh7+  1-0

[Event "Ljubljana op 10th"]
[Site "Ljubljana"]
[Date "1999.06.26"]
[Round "2"]
[White "Sirnik, Bostjan"]
[Black "Kogan, Artur"]
[Result "0-1"]
[WhiteElo "2175"]
[BlackElo "2507"]

1.d4 Nf6 2.Bg5 e6 3.e4 h6 4.Bxf6 Qxf6 5.Nc3 d6 6.Qd2 Bd7 7.f4 g5 8.Nh3 Nc6
9.O-O-O gxf4 10.Nxf4 h5 11.Kb1 Bg7 12.Nb5 O-O-O 13.c3 a6 14.Na3 Bh6 15.g3 h4
16.Bd3 Rdg8 17.Nc4 hxg3 18.hxg3 Rxg3 19.e5 dxe5 20.dxe5 Nxe5 21.Nxe5 Qxe5
22.Bc2 Kb8 23.Qf2 Rg4 24.Ng6 fxg6 25.Rxh6 Rxh6 26.Qf8+ Ka7 27.Qxh6 Bc6 28.Bxg6 Rxg6  0-1

[Event "FRA-Cup sf"]
[Site "Monaco"]
[Date "1999.06.26"]
[Round "1"]
[White "Efimov, Igor"]
[Black "Roser, Kevin"]
[Result "1-0"]
[WhiteElo "2494"]
[BlackElo "2319"]

1.d4 Nf6 2.Bg5 e6 3.Nd2 c5 4.e3 cxd4 5.exd4 Be7 6.Ngf3 O-O 7.Bd3 b6 8.Qe2 Bb7
9.c3 Nc6 10.h4 Ne8 11.O-O-O f6 12.Bc2 fxg5 13.hxg5 Bxg5 14.Bxh7+ Kf7 15.d5 Qf6
16.dxc6 Bxc6 17.Ne5+ Ke7 18.Ng6+ Kd8 19.Nxf8 Bxg2 20.Rhg1 Bf3 21.Qb5  1-0

[Event "Ljubljana op 10th"]
[Site "Ljubljana"]
[Date "1999.06.28"]
[Round "4"]
[White "Sirnik, Bostjan"]
[Black "Sebenik, Matej"]
[Result "0-1"]
[WhiteElo "2175"]
[BlackElo "2154"]

1.d4 Nf6 2.Bg5 e6 3.e4 h6 4.Bxf6 Qxf6 5.Nc3 d6 6.Qd2 g5 7.O-O-O Bg7 8.g3 Nc6
9.Nb5 Qe7 10.d5 Nd8 11.Qa5 b6 12.Qa4 O-O 13.c3 Bb7 14.Bg2 f5 15.Qc2 fxe4
16.Bxe4 exd5 17.Bh7+ Kh8 18.Nd4 Bxd4  0-1

[Event "Korinthos op 3rd"]
[Site "Korinthos"]
[Date "1999.07.11"]
[Round "8"]
[White "Miladinovic, Igor"]
[Black "Papaioannou, Ioannis"]
[Result "1/2-1/2"]
[WhiteElo "2526"]
[BlackElo "2561"]

1.d4 Nf6 2.Bg5 e6 3.e3 c5 4.c3 cxd4 5.exd4 Be7 6.Bd3 b6 7.Nf3 Bb7 8.Bxf6 Bxf6
9.Qe2 O-O 10.Nbd2 Nc6 11.O-O Ne7 12.a4 Qc7 13.Ne5 g6 14.f4 d6 15.Ng4 Bg7
16.Ne3 Rad8 17.Be4 Bc8 18.Nb3 Rfe8 19.Qf2 f5 20.Bf3 e5 21.Nd5 Nxd5 22.Bxd5+ Be6
23.Bxe6+ Rxe6 24.Rfe1 Rde8 25.a5 exf4 26.Rxe6 Rxe6 27.Qxf4 Re4 28.Qf1 Bh6
29.axb6 Be3+ 30.Kh1 axb6 31.Qb5 Kg7 32.Rf1 Qe7 33.Qd3 Bg5 34.d5 Be3 35.Na1 Bc1
36.Nc2 Bxb2 37.Nd4 Re3 38.Qb1 Bxc3 39.Ne6+ Rxe6 40.dxe6 Qxe6 41.Qxb6 Qe2
42.Qc7+ Kh6 43.Rb1 Be5 44.Qc1+ f4 45.Qd1 Qe4 46.Qe1 Qxe1+ 47.Rxe1 Kg5 48.Kg1 Kf5
49.Kf2 g5 50.h3 h5 51.Ke2 Bd4 52.Kd3 Be3 53.Ra1 g4 54.Ra5+ Bc5 55.Ra8 f3
56.hxg4+ hxg4  1/2-1/2

[Event "SCO-ch"]
[Site "Edinburgh"]
[Date "1999.07.17"]
[Round "2"]
[White "Minnican, Alan"]
[Black "Morrison, Graham"]
[Result "1/2-1/2"]
[WhiteElo "2145"]
[BlackElo "2325"]

1.d4 Nf6 2.Bg5 e6 3.c3 h6 4.Bxf6 Qxf6 5.e4 d6 6.Bd3 Nc6 7.Ne2 Bd7 8.Nd2 Qe7
9.O-O g5 10.b4 Bg7 11.Ng3 Rf8 12.b5  1/2-1/2

[Event "SCO-ch"]
[Site "Edinburgh"]
[Date "1999.07.17"]
[Round "2"]
[White "Beaton, Kenneth S"]
[Black "Grant, Jonathan"]
[Result "1/2-1/2"]
[WhiteElo "2120"]
[BlackElo "2260"]

1.d4 Nf6 2.Bg5 e6 3.Nf3 h6 4.Bh4 c5 5.e3 Be7 6.Nbd2 b6 7.c3 Bb7 8.Bd3 Nc6
9.a3 cxd4 10.cxd4 Nd5 11.Bg3 a6 12.e4 Nf6 13.h3 d6 14.Qe2 O-O 15.Rd1 Qb8
16.e5 Nh5 17.Bh2 dxe5 18.dxe5 g6 19.Ne4 Qa7 20.g4 Ng7 21.Bf4 Rfd8 22.O-O Nd4
23.Nxd4 Rxd4 24.Bxh6 Bxe4 25.Bxe4 Rad8 26.Rxd4 Rxd4 27.Rd1 Qd7 28.Rxd4 Qxd4
29.Bd3 b5 30.Kg2 Bh4 31.Bc1 Bxf2 32.Bxb5 axb5 33.Qxf2 Qe4+ 34.Kh2 Qxe5+ 35.Bf4 Qd5
36.Qd2 Qf3 37.Qe3 Qf1 38.Qd2 Kh7 39.Bg3 Ne8 40.Qf2 Qxf2+ 41.Bxf2 Nc7 42.g5 Kg7
43.Bd4+ Kf8 44.Kg3 Nd5 45.Kf3 Ke7 46.b3 Kd6 47.Ke4 Kc6 48.Ke5 Kd7 49.Bc5 Kc6
50.Bf8 Kd7 51.Bc5 Kc6 52.Bf8 Kd7 53.Bc5  1/2-1/2